Anatomy & physiology: the unity of form and function.-- 3rd ed. (Record no. 63674)

MARC details
000 -LEADER
fixed length control field 00964nam a2200217 a 4500
008 - FIXED-LENGTH DATA ELEMENTS--GENERAL INFORMATION
fixed length control field 110901s2004 ||||||||||||||||| || u
020 ## - INTERNATIONAL STANDARD BOOK NUMBER
International Standard Book Number 0072429038
050 ## - LIBRARY OF CONGRESS CALL NUMBER
Classification number QP 34.5 Sal
100 ## - MAIN ENTRY--PERSONAL NAME
Personal name Saladin, Kenneth S
245 10 - TITLE STATEMENT
Title Anatomy & physiology: the unity of form and function.-- 3rd ed.
Statement of responsibility, etc. Kenneth S. Saladin with Leslie Miller
250 ## - EDITION STATEMENT
Edition statement 3rd ed.
260 ## - PUBLICATION, DISTRIBUTION, ETC.
Place of publication, distribution, etc. New York
Name of publisher, distributor, etc. McGraw-Hill
Date of publication, distribution, etc. 2004
300 ## - PHYSICAL DESCRIPTION
Extent xviii, 1120p.[68p.]: ill.
350 ## -
-- 0.00
650 #3 - SUBJECT ADDED ENTRY--TOPICAL TERM
Topical term or geographic name entry element ANATOMY
650 #0 - SUBJECT ADDED ENTRY--TOPICAL TERM
Topical term or geographic name entry element HUMAN PHYSIOLOGY
650 #0 - SUBJECT ADDED ENTRY--TOPICAL TERM
Topical term or geographic name entry element HUMAN ANATOMY
700 ## - ADDED ENTRY--PERSONAL NAME
Personal name Miller, Leslie
995 ## -
-- MEDICAL LIBRARY OPEN ACCESS
-- 0.00
-- 900760
-- CBU-SCHOOL OF MEDICINE LIBRARY (Ndola)
-- 1
-- 0.00
-- QP 34.5 Sal
-- 2
-- AVAILABLE
-- Oct 25, 2011
-- 900760
-- Medical Library Open Access Collection
995 ## -
-- MICHAEL CHILUFYA SATA OPEN ACCESS
-- 0.00
-- 900759
-- CBU-SCHOOL OF MEDICINE LIBRARY (Ndola)
-- 1
-- 0.00
-- QP 34.5 Sal
-- 1
-- AVAILABLE
-- Oct 25, 2011
-- 900759
-- Medical Library Open Access Collection
999 ## -
-- 63674
-- 63674
Holdings
Withdrawn status Lost status Source of classification or shelving scheme Damaged status Not for loan Permanent Location Current Location Shelving location Date acquired Total Checkouts Full call number Barcode Date last seen Copy number Price effective from Koha item type Date last checked out
          CBU-SCHOOL OF MEDICINE LIBRARY, NDOLA. CBU-SCHOOL OF MEDICINE LIBRARY, NDOLA.   01/25/2023   QP 34.5 Sal 900760 01/25/2023 1 01/25/2023 MONOGRAPH  
          CBU-MICHAEL CHILUFYA SATA LIBRARY CBU-SCHOOL OF MEDICINE LIBRARY, NDOLA.   01/25/2023 3 QP 34.5 Sal 900759 12/02/2024 2 01/25/2023 MONOGRAPH 11/18/2024